Piłka nożna - dwaj piłkarze - wspólny klub #6 - Statystyki

Ogólne statystyki
  • Ten quiz został rozwiązany 72 razy
  • Średni wynik to 9 z 15
Statystyki odpowiedzi
zawodnicy klub % Poprawnych
Fabio Cannavaro i Arjen Robben Real Madryt
87%
Suso i Jules Kounde Sevilla FC
85%
Steven Gerrard i Landon Donovan LA Galaxy
70%
Bryan Mbuemo i Ivan Toney Brentford FC
67%
Jonathan David i Renato Sanches LOSC Lille
67%
Neymar i Joao Cancelo Al-Hilal
66%
Joao Felix i Kyle Walker AC Milan
63%
Daniel James i Patrick Bamford Leeds United
63%
Mohamed Salah i Yann Sommer FC Basel
60%
Sergi Roberto i Dele Alli Como 1907
58%
Felipe Anderson i Pepe Reina Lazio Rzym
57%
Paulo Dybala i Josip Ilicić Palermo FC
55%
Ashley Young i Arturo Vidal Inter Mediolan
54%
Jermain Defoe i Ryan Kent Rangers FC
42%
Georginio Wijnaldum i Dries Mertens PSV Eindhoven
37%
Nie znaleziono quizów pasujących do podanych kryteriów
Rozkład punktacji
Procent ludzi z każdym wynikiem
Percentyl według liczby udzielonych odpowiedzi
Twoja historia wyników
Nie rozwiązałeś tego quizu